000 01369nab a22002177a 4500
999 _c6273
_d6273
003 OSt
005 20260128201827.0
008 190514b xxu||||| |||| 00| 0 spa d
040 _cPJ
100 _96655
_a Muni, Nicole
245 1 0 _aAutonomía, vejez y justicia empoderante. Entre tutela privada y dignidad del riesgo :
_cuna lectura interseccional desde la doctrina especializada, la jurisprudencia y los estándares internacionales de derechos humanos /
_bNicole Muni, Federico Airoldi.
300 _ap. 146-155
500 _aCita: TR LALEY AR/DOC/2715/2025.
505 _aSumario: I. Introducción.— II. El caso "C. O. E. y otra": autonomía, oposición familiar y tutela judicial.— III. Marco normativo y doctrinario: capacidad jurídica, autonomía y crítica al paternalismo.— IV. Jurisprudencia: entre tutela y autodeterminación.— V. Reflexión final: hacia una justicia que escuche, respete y acompañe.
505 _tFallo comentado: ST Entre Ríos, sala II civil y com. ~ 01/07/2025 ~ C. O. E. y otra s/ incidentes (familia).
650 0 _9967
_aDERECHO DE FAMILIA
650 0 _91057
_aJURISPRUDENCIA APLICABLE
700 _96654
_aAiroldi, Federico
773 0 _02844
_93222
_dBuenos Aires : AbeledoPerrot, 1989-
_tDerecho de familia. Revista Interdisciplinaria de doctrina y jurisprudencia. Diciembre 2025-VI.
_z18511201
942 _2udc
_cANA